Globalization and the politics of development in the Middle East

Bibliographic Details
Main Author: Henry, Clement M., 1937-
Corporate Author: ProQuest (Firm)
Other Authors: Springborg, Robert.
Format: Electronic eBook
Language:English
Published: Cambridge, UK ; New York, NY, USA : Cambridge University Press, 2001.
Series:Contemporary Middle East ; 1.
Subjects:
Online Access:Click to View
LEADER 01570nam a22004094a 4500
001 EBC803035
003 MiAaPQ
005 20200520144314.0
006 m o d |
007 cr cn|||||||||
008 001127s2001 enkab sb 000 0 eng
010 |z  00067452  
020 |z 052162312X 
020 |z 0521626315 (pb.) 
035 |a (MiAaPQ)EBC803035 
035 |a (Au-PeEL)EBL803035 
035 |a (CaPaEBR)ebr5008038 
035 |a (CaONFJC)MIL16271 
035 |a (OCoLC)761648777 
040 |a MiAaPQ  |c MiAaPQ  |d MiAaPQ 
050 4 |a HC415.15  |b .H463 2001 
082 0 4 |a 338.956  |2 21 
100 1 |a Henry, Clement M.,  |d 1937- 
245 1 0 |a Globalization and the politics of development in the Middle East  |h [electronic resource] /  |c Clement M. Henry and Robert Springborg. 
260 |a Cambridge, UK ;  |a New York, NY, USA :  |b Cambridge University Press,  |c 2001. 
300 |a xxi, 258 p. :  |b ill., maps. 
490 1 |a The contemporary Middle East ;  |v 1 
504 |a Includes bibliographical references (p. 230-240). 
533 |a Electronic reproduction. Ann Arbor, MI : ProQuest, 2015. Available via World Wide Web. Access may be limited to ProQuest affiliated libraries. 
650 0 |a Globalization. 
651 0 |a Middle East  |x Economic conditions  |y 1979- 
651 0 |a Middle East  |x Politics and government  |y 1979- 
655 4 |a Electronic books. 
700 1 |a Springborg, Robert. 
710 2 |a ProQuest (Firm) 
830 0 |a Contemporary Middle East ;  |v 1. 
856 4 0 |u https://ebookcentral.proquest.com/lib/matrademy/detail.action?docID=803035  |z Click to View